000
00327nam a22001337a 4500
008
180130b xxu||||| |||| 00| 0 eng d
020
_a
9628077422
041
_a
eng
080
_a
62
100
_a
27
101
_a
eng
245
_a
proccedings of xviii international biomechanics in sports
_c
david.p.j
942
_2
udc
_c
BK
999
_c
41277
_d
41277